000
00207 a2200097 4500
001
46035
100
_a
Hill J
245
_a
Striking for soccer
260
_a
London
_b
Peter Davies
_c
090
_c
29167
_d
29167
942
_a
NUST-CAE
_c
M
_c
21299
999
_c
281108
_d
281108